000 00387nam a2200133Ia 4500
008 231129s2008||||xx |||||||||||||| ||spa||
020 _a978-958-42-2018-9
082 _a355.4 T693o
100 _aTorres Juan Carlos.
245 0 _aOperación Jaque: La verdadera historia.
260 _c2008
264 _aBogotá: Planeta Colombiana
942 _2ddc
_cBKS
999 _c22113
_d22113